000 00352nam a22001457a 4500
003 SGT
020 _a978-81-312-5046-4
082 _a614
_bBAK
100 _aBAKKANNAVAR, S.M.
245 _aFORENSIC MEDICINE AND TOXICOLOGY
260 _aINDIA
_bELSEVIER PUB.
_c2018
300 _a247
650 _aFORENSIC MEDICINE AND TOXICOLOGY
942 _2ddc
_cBK
999 _c32401
_d32401